[Event "14e Open"]
[Site "Mont de Marsan"]
[Date "2017.12.26"]
[Round "8.1"]
[White "Saada, Julien"]
[Black "Tejedor Fuente, Enrique"]
[Result "0-1"]
[BlackElo "2370"]
[WhiteElo "2234"]
[LiveChessVersion "1.4.8"]

1. d4 {[%clk 1:30:56]} Nf6 {[%clk 1:30:28]} 2. Bg5 {[%clk 1:31:04]} e6
{[%clk 1:29:40]} 3. e4 {[%clk 1:31:03]} d5 {[%clk 1:29:06]} 4. e5
{[%clk 1:30:39]} h6 {[%clk 1:29:33]} 5. Be3 {[%clk 1:31:05]} Nfd7
{[%clk 1:27:42]} 6. c3 {[%clk 1:28:11]} c5 {[%clk 1:20:36]} 7. Bd3
{[%clk 1:24:54]} Nc6 {[%clk 1:14:28]} 8. Nf3 {[%clk 1:18:26]} a6 {[%clk 1:00:33]}
9. Nbd2 {[%clk 1:10:29]} b5 {[%clk 0:56:26]} 10. a3 {[%clk 1:02:51]} Bb7
{[%clk 0:51:57]} 11. O-O {[%clk 1:01:43]} c4 {[%clk 0:50:51]} 12. Bc2
{[%clk 0:57:22]} Ne7 {[%clk 0:49:29]} 13. Ne1 {[%clk 0:53:02]} Nf5
{[%clk 0:47:06]} 14. Qf3 {[%clk 0:51:31]} g6 {[%clk 0:46:10]} 15. g4
{[%clk 0:45:27]} Nxe3 {[%clk 0:30:42]} 16. fxe3 {[%clk 0:44:52]} Rh7
{[%clk 0:24:41]} 17. Ng2 {[%clk 0:44:49]} Qc7 {[%clk 0:21:01]} 18. h4
{[%clk 0:44:19]} Rg7 {[%clk 0:18:09]} 19. Nf4 {[%clk 0:43:41]} O-O-O
{[%clk 0:17:14]} 20. Kg2 {[%clk 0:31:13]} Kb8 {[%clk 0:11:36]} 21. Kh3
{[%clk 0:29:25]} Nxe5 22. dxe5 {[%clk 0:29:04]} d4 {[%clk 0:06:24]} 23. Qf2
{[%clk 0:25:01]} dxc3 24. bxc3 {[%clk 0:25:21]} Qxe5 {[%clk 0:05:09]} 25. Rad1
{[%clk 0:25:08]} Bd6 {[%clk 0:02:41]} 26. Ne2 {[%clk 0:17:35]} 0-1

[Event "14e Open"]
[Site "Mont de Marsan"]
[Date "2017.12.26"]
[Round "8.2"]
[White "Lagarde, Maxime"]
[Black "Ruiz Marana, Alejandro"]
[Result "1-0"]
[BlackElo "2232"]
[WhiteElo "2586"]
[LiveChessVersion "1.4.8"]

1. e4 {[%clk 1:26:04]} e5 {[%clk 1:30:42]} 2. Nf3 {[%clk 1:26:28]} d6
{[%clk 1:31:07]} 3. d4 {[%clk 1:26:50]} Nd7 {[%clk 1:31:31]} 4. c4 Ngf6 5. Nc3
{[%clk 1:27:10]} Be7 {[%clk 1:27:45]} 6. Be2 {[%clk 1:27:19]} O-O
{[%clk 1:27:36]} 7. O-O {[%clk 1:27:45]} c6 {[%clk 1:25:54]} 8. Rb1
{[%clk 1:28:10]} a6 {[%clk 1:23:57]} 9. b4 Re8 {[%clk 1:17:05]} 10. Qc2
{[%clk 1:22:18]} Bf8 {[%clk 1:07:39]} 11. Rd1 {[%clk 1:21:14]} Qc7 12. Bg5
{[%clk 1:14:43]} b6 {[%clk 1:03:14]} 13. d5 {[%clk 1:09:51]} cxd5 14. cxd5
{[%clk 1:03:41]} Bb7 {[%clk 0:49:18]} 15. Rdc1 {[%clk 1:03:15]} Rec8
{[%clk 0:49:13]} 16. Nd2 {[%clk 1:02:36]} Qd8 {[%clk 0:41:27]} 17. Nc4
{[%clk 0:59:46]} Rc7 {[%clk 0:38:09]} 18. a4 {[%clk 0:59:01]} Rac8
{[%clk 0:30:15]} 19. Qb3 {[%clk 0:57:32]} Be7 {[%clk 0:26:23]} 20. Be3
{[%clk 0:54:34]} Nxe4 {[%clk 0:26:43]} 21. Nxe4 {[%clk 0:49:43]} Bxd5
{[%clk 0:26:57]} 22. Nexd6 {[%clk 0:35:08]} Bxd6 {[%clk 0:26:29]} 23. Qd1
{[%clk 0:34:23]} Bxc4 {[%clk 0:25:35]} 24. Bxc4 {[%clk 0:34:25]} Rxc4
{[%clk 0:25:45]} 25. Rxc4 {[%clk 0:28:59]} Rxc4 {[%clk 0:26:10]} 26. Qxd6
{[%clk 0:29:27]} Qc7 {[%clk 0:14:23]} 27. Qe7 {[%clk 0:29:35]} Qc6
{[%clk 0:08:55]} 28. h3 {[%clk 0:20:48]} Nf8 {[%clk 0:07:45]} 29. a5
{[%clk 0:12:34]} b5 {[%clk 0:05:43]} 30. Bc5 {[%clk 0:06:19]} Ne6
{[%clk 0:05:21]} 31. Rd1 {[%clk 0:06:47]} h6 {[%clk 0:05:09]} 32. Rd7
{[%clk 0:06:43]} Rf4 {[%clk 0:05:13]} 33. Be3 {[%clk 0:05:43]} Rf5
{[%clk 0:05:34]} 34. Qd6 {[%clk 0:05:23]} Qe4 {[%clk 0:04:07]} 35. Qxa6
{[%clk 0:05:18]} Qxb4 {[%clk 0:02:14]} 36. Qc8+ {[%clk 0:04:32]} Kh7
{[%clk 0:02:27]} 37. Qc2 {[%clk 0:03:25]} g6 {[%clk 0:02:18]} 38. Qa2
{[%clk 0:02:48]} Nc5 {[%clk 0:00:42]} 39. Rxf7+ {[%clk 0:02:56]} Kh8
{[%clk 0:00:39]} 40. Rxf5 gxf5 {[%clk 0:01:05]} 41. Qd5 {[%clk 0:03:01]} Qb1+
{[%clk 0:00:48]} 42. Kh2 {[%clk 0:03:25]} Nd3 {[%clk 0:01:14]} 43. a6
{[%clk 0:03:29]} 1-0

[Event "14e Open"]
[Site "Mont de Marsan"]
[Date "2017.12.26"]
[Round "8.3"]
[White "Kirk, Ezra"]
[Black "Touzane, Olivier"]
[Result "1-0"]
[BlackElo "2284"]
[WhiteElo "2405"]
[LiveChessVersion "1.4.8"]

1. e4 {[%clk 1:26:20]} c5 {[%clk 1:30:30]} 2. Nf3 {[%clk 1:27:01]} d6
{[%clk 1:30:46]} 3. Bb5+ Nd7 4. c3 {[%clk 1:26:24]} Ngf6 {[%clk 1:29:21]} 5. Qe2
{[%clk 1:26:44]} a6 {[%clk 1:15:43]} 6. Ba4 Qc7 7. O-O {[%clk 1:22:56]} c4
{[%clk 1:14:05]} 8. Bc2 {[%clk 1:22:24]} b5 {[%clk 1:08:55]} 9. b3
{[%clk 1:05:39]} cxb3 10. axb3 {[%clk 1:05:32]} e5 {[%clk 0:55:54]} 11. d4
{[%clk 1:00:58]} Be7 {[%clk 0:54:46]} 12. Ba3 {[%clk 0:58:51]} O-O
{[%clk 0:51:32]} 13. Bd3 {[%clk 0:54:12]} Re8 {[%clk 0:50:00]} 14. Nbd2
{[%clk 0:53:01]} Nf8 {[%clk 0:44:19]} 15. Rfc1 {[%clk 0:47:51]} Rb8
{[%clk 0:37:24]} 16. c4 {[%clk 0:44:06]} b4 {[%clk 0:36:01]} 17. Bb2
{[%clk 0:42:49]} exd4 {[%clk 0:36:00]} 18. Nxd4 {[%clk 0:41:43]} Ng6
{[%clk 0:30:20]} 19. Nf5 {[%clk 0:34:42]} Bf8 {[%clk 0:05:35]} 20. Ne3
{[%clk 0:29:56]} Nd7 {[%clk 0:05:17]} 21. Nd5 {[%clk 0:28:52]} Qd8
{[%clk 0:05:31]} 22. f4 {[%clk 0:25:17]} Nc5 {[%clk 0:05:14]} 23. Qf3
{[%clk 0:23:51]} Bb7 {[%clk 0:02:38]} 24. Bc2 {[%clk 0:18:28]} Qh4
{[%clk 0:03:00]} 25. g3 {[%clk 0:17:59]} Qh6 {[%clk 0:03:22]} 26. Nf1
{[%clk 0:17:04]} Ne7 {[%clk 0:02:26]} 27. Nfe3 {[%clk 0:16:17]} Nxd5 28. cxd5
{[%clk 0:15:09]} Bc8 {[%clk 0:01:33]} 29. Rf1 {[%clk 0:11:21]} Be7
{[%clk 0:01:47]} 30. e5 {[%clk 0:09:56]} Bd8 {[%clk 0:01:58]} 31. h4
{[%clk 0:07:23]} Rb7 {[%clk 0:01:40]} 32. e6 {[%clk 0:06:55]} g6 {[%clk 0:00:52]}
33. f5 {[%clk 0:06:55]} fxe6 34. fxe6 {[%clk 0:07:07]} Bb6 {[%clk 0:00:34]} 35.
Kh1 {[%clk 0:06:09]} Nxe6 {[%clk 0:00:47]} 36. Ng4 {[%clk 0:06:22]} Qd2
{[%clk 0:00:40]} 37. Nf6+ {[%clk 0:06:04]} Kf7 {[%clk 0:00:44]} 38. Ne4+
{[%clk 0:05:45]} Ke7 {[%clk 0:00:48]} 39. Qf7+ {[%clk 0:04:58]} Kd8
{[%clk 0:01:00]} 40. Bf6+ {[%clk 0:05:20]} Rbe7 {[%clk 0:01:02]} 41. Nxd2
{[%clk 0:05:38]} Bb7 {[%clk 0:01:15]} 42. Qxe6 {[%clk 0:05:46]} 1-0